Venezuela-República Dominicana : (Registro nro. 15925)
[ vista simple ]
| 000 -CABECERA | |
|---|---|
| campo de control de longitud fija | 00991nam a2200277 a 4500 |
| 001 - NÚMERO DE CONTROL | |
| campo de control | 000016390 |
| 003 - IDENTIFICADOR DEL NÚMERO DE CONTROL | |
| campo de control | DO-SdBNP |
| 005 - FECHA Y HORA DE LA ÚLTIMA TRANSACCIÓN | |
| campo de control | 20251028114914.0 |
| 007 - CAMPO FIJO DE DESCRIPCIÓN FÍSICA--INFORMACIÓN GENERAL | |
| campo de control de longitud fija | ta |
| 008 - DATOS DE LONGITUD FIJA--INFORMACIÓN GENERAL | |
| campo de control de longitud fija | 100304s1991 ve c 000 0 spa d |
| 020 ## - NÚMERO INTERNACIONAL ESTÁNDAR DEL LIBRO | |
| Número Internacional Estándar del Libro | 9806200365 |
| 040 ## - FUENTE DE LA CATALOGACIÓN | |
| Centro catalogador/agencia de origen | DO-SdBNP |
| Lengua de catalogación | spa |
| Centro/agencia transcriptor | BNPHU |
| Normas de descripción | rda |
| 041 ## - CÓDIGO DE LENGUA | |
| Código de lengua del texto/banda sonora o título independiente | spa |
| 082 #4 - NÚMERO DE LA CLASIFICACIÓN DECIMAL DEWEY | |
| Número de clasificación | 327.8707293 |
| Número de documento/Ítem | P852v |
| Número de edición | 22 |
| 100 1# - ENTRADA PRINCIPAL--NOMBRE DE PERSONA | |
| Nombre de persona | Portillo, Julio, |
| Término indicativo de función/relación | autor |
| Código de función/relación | aut. |
| 9 (RLIN) | 36545 |
| 245 10 - MENCIÓN DE TÍTULO | |
| Título | Venezuela-República Dominicana : |
| Resto del título | relaciones diplomáticas 1844-1984 / |
| Mención de responsabilidad, etc. | Julio Portillo. |
| 260 ## - PUBLICACIÓN, DISTRIBUCIÓN, ETC. | |
| Lugar de publicación, distribución, etc. | Caracas, Venezuela : |
| Nombre del editor, distribuidor, etc. | Ex Libris, |
| Fecha de publicación, distribución, etc. | 1991. |
| 300 ## - DESCRIPCIÓN FÍSICA | |
| Extensión | 344 p. : |
| Otras características físicas | retrs. ; |
| Dimensiones | 23 cm. |
| 500 ## - NOTA GENERAL | |
| Nota general | Incluye índices |
| 504 ## - NOTA DE BIBLIOGRAFÍA, ETC. | |
| Nota de bibliografía, etc. | Incluye referencias bibliográficas y notas al pie de las páginas |
| 590 ## - NOTA LOCAL (RLIN) | |
| Nota local | Inventariado, 2018/BT |
| 651 #4 - PUNTO DE ACCESO ADICIONAL DE MATERIA--NOMBRE GEOGRÁFICO | |
| Nombre geográfico | Venezuela |
| Subdivisión general | Relaciones exteriores |
| Subdivisión geográfica | República Dominicana |
| Subdivisión cronológica | 1844-1984 |
| 9 (RLIN) | 26230 |
| 651 #4 - PUNTO DE ACCESO ADICIONAL DE MATERIA--NOMBRE GEOGRÁFICO | |
| Nombre geográfico | República Dominicana |
| Subdivisión general | Relaciones exteriores |
| Subdivisión geográfica | Venezuela |
| Subdivisión cronológica | 1844-1984 |
| 9 (RLIN) | 36547 |
| 910 ## - DATOS DE OPCIÓN DEL USUARIO (OCLC) | |
| Datos de opción del usuario | Validado. Control de calidad. MFF |
| 942 ## - ELEMENTOS DE PUNTO DE ACCESO ADICIONAL (KOHA) | |
| Fuente del sistema de clasificación o colocación | Dewey Decimal Classification |
| Tipo de ítem Koha | Libro |
| Estado de retiro | Estado de pérdida | Restricciones de uso | No para préstamo | Código de colección | Localización permanente | Ubicación/localización actual | Ubicación en estantería | Fecha de adquisición | Número de inventario | Total de préstamos | Signatura topográfica completa | Código de barras | Fecha visto por última vez | Número de copia | Precio válido a partir de | Tipo de ítem Koha | Nota pública |
|---|---|---|---|---|---|---|---|---|---|---|---|---|---|---|---|---|---|
| Monografías: Libros y Folletos | General | General | Depósito | 04.03.2010 | LF1 | 327.8707293 P852v | 16390-30 | 25.06.2020 | e.3 | 25.06.2020 | Préstamo en sala | ||||||
| Monografías: Libros y Folletos | General | General | Depósito | 14.06.2011 | LF1 | 327.8707293 P852v | 16390-40 | 25.06.2020 | e.4 | 25.06.2020 | Préstamo en sala | ||||||
| Monografías: Libros y Folletos | General | General | Depósito | 04.07.2019 | LF1 | 327.8707293 P852v | 16390-50 | 25.06.2020 | e.5 | 25.06.2020 | Préstamo en sala | Perteneció a la biblioteca personal de Bárbara Suncar. | |||||
| Excluido de préstamo | Monografías: Libros y Folletos | Patrimonio Dominicano | Patrimonio Dominicano | Depósito | 04.03.2010 | LF1 | 327.8707293 P852v | 16390-10 | 25.06.2020 | 25.06.2020 | No se presta | Perteneció a la biblioteca personal de Germán Emilio Ornes. | |||||
| Excluido de préstamo | Monografías: Libros y Folletos | Patrimonio Dominicano | Patrimonio Dominicano | Depósito | 04.03.2010 | LF1 | 327.8707293 P852v | 16390-20 | 25.06.2020 | e.2 | 25.06.2020 | No se presta |
